=LDR 00000nam 2200000 4500 =001 INLIS000000000031715 =005 20130612133754 =008 ***********************************ind** =035 ##$$0010-061300000031715 =041 ##$$a ind =082 ##$$a 372.35 =090 ##$$a 372.35, Les s =100 ##$$a LESMANA, Hadiah =245 ##$$a Sukses Olimpiade IPA, Hadiah Lesmana; Penyunting Tim Regina =260 ##$$a 2007 $b Bogor =300 ##$$a iv,156 hlm., ilus, 29 cm =650 ##$$a SAIN-STUDI DAN PENGAJARAN =850 ##$$a NBPNMAT